| 000 | 01523nam a2200313Ia 4500 | ||
|---|---|---|---|
| 999 |
_c4043 _d4043 |
||
| 003 | OSt | ||
| 005 | 20200504121035.0 | ||
| 008 | 191128s2010 ck ao gr 000 0dspa d | ||
| 020 | _a9789587196122 | ||
| 040 |
_aCO-JMCCR _cCO-JMCCR |
||
| 041 | 0 | _aspa | |
| 082 | 0 | 4 |
_a305.8 / _bM912d |
| 100 | 1 |
_aMosquera Rosero, Claudia, _eeditora _93848 |
|
| 245 | 1 | 0 |
_aDebates sobre ciudadanía y políticas raciales en las américas negras / _cClaudia Mosquera Rosero-Labbé, Agustín Laó-Montes, César Rodríguez Garavito, editores y coautores |
| 260 |
_aBogotá : _bUniversidad Nacional de Colombia, _c2010 |
||
| 300 |
_a922 páginas : _bfotografías a color ; _c24 cm. |
||
| 500 | _aIncluye índice analítico. | ||
| 504 | _aIncluye bibliografás. | ||
| 505 | _aModernidad, globalización y formaciones raciales -- Raza en la historia y sociedad colombiana -- Nación y ciudadanía -- Racismo y derecho | ||
| 520 | _aLos capítulos de este volumen nos invitan a repensar el papel que desempeñan la realización en las sociedades de las <<Américas negras>>. Tradicionalmente - y en especial en los discursos nacionalistas de los países latinoamericanos. | ||
| 650 | 1 | 4 |
_aProblemas raciales _93849 |
| 650 | 2 | 4 |
_aRacismo Ciudadanía _93850 |
| 650 | 2 | 4 |
_aDiscriminación racial _93851 |
| 700 | 1 |
_aMosquera Rosero-Labbé, _eeditor _93852 |
|
| 700 | 1 |
_aClaudia Patricia, editor _93853 |
|
| 700 | 1 |
_aLaó-Montes, Agustin, _eeditor _93854 |
|
| 700 | 1 |
_aRodríguez Garavito, César A., _eeditor _93855 |
|
| 942 |
_2ddc _cBK |
||